1971 1223 1374 1866 1476 1215 1506 1779 1772 1967 1462 1438 1173 1707 1951 1328 1093 1516 1943 1856 1489 1443 1673 1709 1119 1374 1088 1487 1091 1896 1102 1964 1775 1664 1863 1136 1589 1347 1801 1706 1731 1501 1893 1081 1182 1027 1200 1480 1471 1693 1662 1686 1408 1513 1089 1129 1298 1641 1619 1175 1700 1086 1194 1876 1711 2000 1398 1624 1719 1015 1355 1629 1776 1844 1992 1197 1222 1591 1851 1082 1035 1934 1768 1238 1695 1294 1399 1703 1192 1570 1566 1876 1050 1204 1933 1461 1368 1401 1954 BCNSPRNW ULIB Ver.6.0+V

เปลี่ยนเป็นภาษาไทย

Change to English
 แสดงรายละเอียดบรรณานุกรม
  กลับหน้าหลัก

Brief Record : Get Marc (ISO 2709) : E-mail record : QR code < ปิดหน้าต่าง
LEADER : 00000nam 2200000uu 4500
001    13399114279
003     ULIB
008    110627s||||||||th 000 0 tha d
020    9789749140869
090    นว.^bช516ค
100 0  ชาติ กอบจิตติ
245 00 คำพิพากษา/^cชาติ กอบจิตติ
250    พิมพ์ครั้งที่ 4
260    กรุงเทพฯ :^bพี เอ ลิฟวิ่ง,^c2547
300    328 หน้า
710 1  พี เอ ลิฟวิ่ง
945    ^p265^l0^i022048
995    ทศพร
999 ^a ใช้งานได้ทุกระบบ
รายการนี้ยังไม่มีแท็ก
คุณยังไม่ได้ล็อกอิน คุณสามารถมีกิจกรรมร่วมกับเว็บไซต์ได้ แต่ต้องล็อกอินก่อน ::
  ล็อกอิน

รายการสื่อสารสนเทศ

ลำดับที่ ประเภท เลขเรียก/บาร์โค้ด สถานที่ สถานะ
1. นวนิยาย
นวนิยาย
นว. ช516ค ฉ.1 
  Barcode: 022048
ห้องสมุดวิทยาเขตสวรรค์ประชารักษ์
►นวนิยาย
บนชั้น
  ขอยืม

BibComment


ยังไม่เคยถูกคอมเมนท์

คอมเมนท์ทรัพยากรรายการนี้
  คอมเมนท์: คำพิพากษา ชาติ ก..


 Copyright 2026. Bcnsprnw @Library